Det sista kungadömet / (Post nr. 53812)

MARC-detaljer
000 -LEADER
fixed length control field 03439cam a2200685 a 4500
001 - CONTROL NUMBER
control field 10142766
003 - CONTROL NUMBER IDENTIFIER
control field LIBRIS
005 - DATE AND TIME OF LATEST TRANSACTION
control field 20201015135448.0
008 - FIXED-LENGTH DATA ELEMENTS--GENERAL INFORMATION
fixed length control field 060423s2006 sw |||||||||||000 f|swe|
020 ## - INTERNATIONAL STANDARD BOOK NUMBER
International Standard Book Number 9170280827
Qualifying information inb.
035 ## - SYSTEM CONTROL NUMBER
System control number (Bo)390296
040 ## - CATALOGING SOURCE
Original cataloging agency LGEN
Modifying agency NB
Description conventions a
041 1# - LANGUAGE CODE
Language code of text/sound track or separate title swe
Language code of original eng
082 04 - DEWEY DECIMAL CLASSIFICATION NUMBER
Classification number 823
Edition number 22 (machine generated)
084 ## - OTHER CLASSIFICATION NUMBER
Classification number He.01=c
Number source kssb/7
100 1# - MAIN ENTRY--PERSONAL NAME
Personal name Cornwell, Bernard
Authority record control number or standard number https://libris.kb.se/97mqz3wt458lmnz#it
240 14 - UNIFORM TITLE
Uniform title The last kingdom.
Language of a work Svenska
245 13 - TITLE STATEMENT
Title Det sista kungadömet /
Statement of responsibility, etc. [Bernard Cornwell] ; översättning: Leif Jacobsen.
264 #1 - PRODUCTION, PUBLICATION, DISTRIBUTION, MANUFACTURE, AND COPYRIGHT NOTICE
Place of production, publication, distribution, manufacture Stockholm :
Name of producer, publisher, distributor, manufacturer Bazar,
Date of production, publication, distribution, manufacture, or copyright notice 2006
264 #3 - PRODUCTION, PUBLICATION, DISTRIBUTION, MANUFACTURE, AND COPYRIGHT NOTICE
Place of production, publication, distribution, manufacture Finland
300 ## - PHYSICAL DESCRIPTION
Extent 382, [1] s.
Dimensions 22 cm
340 ## - PHYSICAL MEDIUM
Dimensions 22 cm
500 ## - GENERAL NOTE
General note Första svenska upplaga 2006
500 ## - GENERAL NOTE
General note Serie/fortsättningsarbete: 1. Det sista kungadömet -- 2. Den vite ryttaren -- 3. Nordens herrar -- 4. Svärdsång -- 5. Det brinnande riket -- 6. Sju kungars död -- 7. Den hedniske krigaren -- 8. Den tomma tronen -- 9. Stormens krigare -- 10. Fackelbäraren -- 11. Vargens krig
500 ## - GENERAL NOTE
Institution to which field applies Bo
General note Annan upplaga kan finnas vid biblioteket
700 1# - ADDED ENTRY--PERSONAL NAME
Personal name Jacobsen, Leif,
Dates associated with a name 1967-
Relationship trl
Authority record control number or standard number https://libris.kb.se/vs69g1pd26fvj2r#it
887 ## - NON-MARC INFORMATION FIELD
Content of non-MARC field {"@id":"vc55ctx649qzp6w","modified":"2019-10-07T18:36:53.225+02:00","checksum":"29754488709"}
Source of data librisxl
887 ## - NON-MARC INFORMATION FIELD
Content of non-MARC field {"@id":"w17v9mk21fx6c18","modified":"2014-04-01T11:27:51+02:00","checksum":"62757223303"}
Source of data librisxl
887 ## - NON-MARC INFORMATION FIELD
Content of non-MARC field {"@id":"mrzx2nxs4kf7dqx","modified":"2008-08-25T09:37:05+02:00","checksum":"68471330088"}
Source of data librisxl
887 ## - NON-MARC INFORMATION FIELD
Content of non-MARC field {"@id":"pt1fz98v32vfww1","modified":"2012-04-03T09:58:09+02:00","checksum":"79523470343"}
Source of data librisxl
887 ## - NON-MARC INFORMATION FIELD
Content of non-MARC field {"@id":"mrztclhs2t9th2j","modified":"2007-02-13T08:55:20+01:00","checksum":"37562913178"}
Source of data librisxl
887 ## - NON-MARC INFORMATION FIELD
Content of non-MARC field {"@id":"qv3wf12w5q1j0lc","modified":"2015-06-22T10:28:16+02:00","checksum":"72362052285"}
Source of data librisxl
887 ## - NON-MARC INFORMATION FIELD
Content of non-MARC field {"@id":"59hb5bmb2rvnppb","modified":"2006-08-28T15:27:22+02:00","checksum":"73818762905"}
Source of data librisxl
887 ## - NON-MARC INFORMATION FIELD
Content of non-MARC field {"@id":"ns0t97rt1l7g876","modified":"2006-04-23T20:08:42+02:00","checksum":"74065646901"}
Source of data librisxl
887 ## - NON-MARC INFORMATION FIELD
Content of non-MARC field {"@id":"7ckw8ddd3mnftq7","modified":"2011-12-06T15:27:10+01:00","checksum":"67499066723"}
Source of data librisxl
887 ## - NON-MARC INFORMATION FIELD
Content of non-MARC field {"@id":"kpxqfbnq3b87fqz","modified":"2015-09-03T10:17:13+02:00","checksum":"73407634936"}
Source of data librisxl
887 ## - NON-MARC INFORMATION FIELD
Content of non-MARC field {"@id":"chp1bt2j0c42wb2","modified":"2011-11-29T15:06:49+01:00","checksum":"68726147588"}
Source of data librisxl
900 1s - EQUIVALENCE OR CROSS-REFERENCE-PERSONAL NAME [LOCAL, CANADA]
Linkage 100
Affiliation Cornwell, Bernard
942 ## - ADDED ENTRY ELEMENTS (KOHA)
Source of classification or shelving scheme Other/Generic Classification Scheme
Koha item type Bok
Bestånd
Withdrawn status Lost status Source of classification or shelving scheme Damaged status Not for loan Home library Current library Shelving location Date acquired Total Checkouts Full call number Barcode Date last seen Price effective from Koha item type
    Other/Generic Classification Scheme     Karlskoga Lasarettsbibliotek Karlskoga Lasarettsbibliotek Magasin 15/10/2020   Hce 8901878344026 15/10/2020 15/10/2020 Bok
Medicinska biblioteket, Karlskoga lasarett
Måndag och onsdag: 10.00-14.30, Lunchstängt 11.30-12.00.
Fredagar: 10.00-12.00.

Madelene Ribbing, bibliotekarie
Lena Mileraux, biblioteksassistent/administratör
0586-664 49
medbibl.kgalas@regionorebrolan.se




Medicinska biblioteket, Lindesbergs lasarett
Dörren till bibliotket är upplåst mellan 07-16:00 på vardagar.
Dörren i hisshallen är öppen måndag - tosdag 7.00 - 15.00. Fredagar stängt.

Bibliotekets bemanning:
Mån: självbetjäning
Tis, ons och tors: 10-15
Fre: självbetjäning

Madelene Ribbing, bibliotekarie
Telefon: 0581-853 11, 072-14 77 552
medbibl.lbglas@regionorebrolan.se